2022 FBS Starting Quarterbacls - Statistics

General Stats
  • This quiz has been taken 13 times
  • The average score is 25 of 130
Answer Stats
Team Answer % Correct
Alabama Bryce Young
83%
Oregon Bo Nix
75%
USC Caleb Williams
75%
Ohio State C.J. Stroud
67%
Michigan J.J. McCarthy
67%
Kentucky Will Levis
67%
North Carolina Drake Maye
58%
Texas Quinn Ewers
58%
Georgia Stetson Bennett
58%
Florida Anthony Richardson
50%
UCLA Dorian Thompson-Robinson
50%
Tennessee Hendon Hooker
50%
LSU Jayden Daniels
50%
Arkansas K.J. Jefferson
50%
Michigan State Payton Thorne
50%
Kansas State Adrian Martinez
42%
Oklahoma Dillon Gabriel
42%
Clemson D.J. Uiagalelei
42%
Louisville Malik Cunningham
42%
Washington Michael Penix Jr.
42%
Penn State Sean Clifford
42%
South Carolina Spencer Rattler
42%
Oklahoma State Spencer Sanders
42%
Maryland Taulia Tagovailoa
42%
Illinois Tommy DeVito
42%
Miami (FL) Tyler Van Dyke
42%
Purdue Aidan O'Connell
33%
Virginia Brennan Armstrong
33%
NC State Devin Leary
33%
Wisconsin Graham Mertz
33%
Florida State Jordan Travis
33%
West Virginia J.T. Daniels
33%
TCU Max Duggan
33%
Duke Riley Leonard
33%
Mississippi State Will Rogers
33%
Baylor Blake Shapen
25%
Utah Cameron Rising
25%
Washington State Cameron Ward
25%
Nebraska Casey Thompson
25%
Appalachian State Chase Brice
25%
Coastal Carolina Grayson McCall
25%
Texas A&M Haynes King
25%
Ole Miss Jaxon Dart
25%
Georgia Tech Jeff Sims
25%
Pittsburgh Kedon Slovis
25%
Boston College Phil Jurkovec
25%
Northwestern Ryan Hilinski
25%
Iowa Spencer Petras
25%
Texas Tech Tyler Shough
25%
Cincinnati Ben Bryant
17%
Missouri Brady Cook
17%
Oregon State Chance Nolan
17%
Houston Clayton Tune
17%
Indiana Connor Bazelak
17%
Arizona State Emory Jones
17%
UTSA Frank Harris
17%
Syracuse Garrett Schrader
17%
Virginia Tech Grant Wells
17%
Boise State Hank Bachmeier
17%
Iowa State Hunter Dekkers
17%
BYU Jaren Hall
17%
Arizona Jayden De Laura
17%
UCF John Rhys Plumlee
17%
Vanderbilt Mike Wright
17%
Wake Forest Mitch Griffis
17%
Stanford Tanner McKee
17%
Minnesota Tanner Morgan
17%
Auburn T.J. Finley
17%
Notre Dame Tyler Buchner
17%
Wyoming Andrew Peasley
8%
North Texas Austin Aune
8%
Hawaii Brayden Schager
8%
Colorado Brendon Lewis
8%
Louisiana-Lafayette Chandler Fields
8%
Middle Tennessee Chase Cunningham
8%
Toledo DeQuan Finn
8%
New Mexico State Diego Pavia
8%
UMass Gino Campiotti
8%
Air Force Haaziq Daniels
8%
East Carolina Holton Ahlers
8%
California Jack Plummer
8%
Western Michigan Jack Salopek
8%
Kansas Jalon Daniels
8%
Ball State John Paddock
8%
Louisiana Tech Matthew Downing
8%
Bowling Green Matt McDonald
8%
New Mexico Miles Kendrick
8%
Northern Illinois Rocky Lombardi
8%
Memphis Seth Henigan
8%
UConn Ta'Quan Roberson
8%
James Madison Todd Centeio
8%
Western Kentucky Austin Reed
0%
San Diego State Braxton Burmeister
0%
Miami (OH) Brett Gabbert
0%
South Alabama Carter Bradley
0%
Louisiana-Monroe Chandler Rogers
0%
Liberty Charlie Brewer
0%
San Jose State Chevan Cordeiro
0%
Charlotte Chris Reynolds
0%
Colorado State Clay Millen
0%
Buffalo Cole Snyder
0%
Kent State Collin Schlee
0%
Central Michigan Daniel Richardson
0%
Georgia State Darren Grainger
0%
Tulsa Davis Brin
0%
Akron D.J. Irons
0%
UNLV Doug Brumfield
0%
Temple D'Wan Mathis
0%
UAB Dylan Hopkins
0%
Rutgers Evan Simon
0%
UTEP Gavin Hardison
0%
South Florida Gerry Bohanon
0%
Florida International Gunnar Holmberg
0%
Troy Gunnar Watson
0%
Old Dominion Hayden Wolff
0%
Marshall Henry Colombi
0%
Arkansas State James Blackman
0%
Ohio Kurtis Rourke
0%
Texas State Layne Hatcher
0%
Utah State Logan Bonner
0%
Tulane Michael Pratt
0%
Florida Atlantic N'Kosi Perry
0%
Nevada Shane Illingworth
0%
Navy Tai Lavatai
0%
SMU Tanner Mordecai
0%
Eastern Michigan Taylor Powell
0%
Army Tyhier Tyler
0%
Southern Miss Ty Keyes
0%
Georgia Southern Tyler Vantrease
0%
Rice Wiley Green
0%
No matching quizzes found
Score Distribution
Percent of People with Each Score
Percentile by Number Answered
Your Score History
You have not taken this quiz